| 000 | 00606nam a2200205 i 4500 | ||
|---|---|---|---|
| 001 | bg | ||
| 100 | 1 | _aBÉRARD, Évelyne1 | |
| 245 |
_aTempó! 1A : _bméthode de français / _cÉvelyne Bérard, Yves Canier, Christian Lavenne. _a |
||
| 260 |
_bWydawnictwa Szkolne i Pedagogiczne ; _aParis : _b"Didier", _c2000. _a |
||
| 300 |
_bil. kolor., mapy ; _c28 cm.1 _a |
||
| 490 | _a | ||
| 700 | 1 | _aCANIER, Yves | |
| 700 | 1 | _aLAVENNE, Christian | |
| 830 | _aReforma | ||
| 040 | _cBPK | ||
| 041 | 0 | _aplfr | |
| 080 | _a811.133.1(075.3.053.7) | ||
| 942 | _cKS | ||
| 008 | s pl f |000 0 pol | ||
| 999 |
_c38101 _d38101 |
||
| 856 |
_uhttp://koha.tu.koszalin.pl/cgi-bin/koha/opac-detail.pl?biblionumber=38101 _yKatalog online BPK |
||